书目信息 |
| 题名: |
园林专业
|
|
| 作者: | 蔡君 , 张文英 编著 | |
| 分册: | ||
| 出版信息: | 北京 中国建筑工业出版社 2005.02 |
|
| 页数: | 292页 | |
| 开本: | 26cm | |
| 丛书名: | ||
| 单 册: | ||
| 中图分类: | H31 | |
| 科图分类: | ||
| 主题词: | 英语 | |
| 电子资源: | ||
| ISBN: | 7-112-06642-5 | |
| 000 | 00581nam0 2200205 450 | |
| 001 | 0555588499 | |
| 005 | 20050703102723.13 | |
| 010 | @a7-112-06642-5@dCNY 26.00 | |
| 100 | @a20050617d2005 km y0chiy0120 ea | |
| 101 | 0 | @achi |
| 102 | @aCN@b110000 | |
| 200 | 1 | @a园林专业@Ayuan lin zhuan ye@f蔡君,张文英编著@Fcai jun,zhang wen ying bian zhu |
| 210 | @a北京@c中国建筑工业出版社@d2005.02 | |
| 215 | @a292页@d26cm | |
| 606 | 0 | @a英语 |
| 690 | @aH31 | |
| 701 | 0 | @a蔡君@Acai jun@4编著 |
| 701 | 0 | @a张文英@Azhang wen ying@4编著 |
| 801 | 0 | @aCN@bPFT@c20050703 |
| 905 | @a10447@dH31@eC035 | |
| 园林专业/蔡君,张文英编著.-北京:中国建筑工业出版社,2005.02 |
| 292页;26cm |
| ISBN 7-112-06642-5:CNY 26.00 |
| ● |
| 相关链接 |
|
|
|
正题名:园林专业
索取号:H31/C035
 
预约/预借
| 序号 | 登录号 | 条形码 | 馆藏地/架位号 | 状态 | 备注 |
| 1 | 539836 | 205398363 | 语言库209/209语言库 80排2列2层/ [索取号:H31/C035] | 在馆 | |
| 2 | 539837 | 205398372 | 语言库209/209语言库 80排2列2层/ [索取号:H31/C035] | 在馆 | |
| 3 | 539838 | 205398381 | 语言库209/209语言库 80排2列2层/ [索取号:H31/C035] | 在馆 |